La escuela Juan XXIII: Aparato eclesiástico de dominación ideológica en seno de la clase trabajadora de Costa Rica /
Gespeichert in:
| 1. Verfasser: | |
|---|---|
| Weitere Verfasser: | , , , , |
| Format: | Text |
| Veröffentlicht: |
San José :
|
| Tags: |
Tag hinzufügen
Keine Tags, Fügen Sie den ersten Tag hinzu!
|
MARC
| LEADER | 00000 a a2200000 04500 | ||
|---|---|---|---|
| 001 | 15326 | ||
| 003 | |||
| 040 | |||
| 090 | |a 026100 | ||
| 100 | |a Amador Berrocal, Patricia | ||
| 245 | |a La escuela Juan XXIII: Aparato eclesiástico de dominación ideológica en seno de la clase trabajadora de Costa Rica / |c Patricia Amador Berrocal | ||
| 260 | |a San José : | ||
| 300 | |a 1; 50 p. | ||
| 700 | |a Blanco Brakenridge, Gustavo | ||
| 700 | |a Carballo Rojas, Ricardo | ||
| 700 | |a Espinoza Molina, Ligia | ||
| 700 | |a Guerrero Miranda, Juan Vicente | ||
| 700 | |a Herrera Mora, Marco Antonio | ||
| 999 | |c 13048 |d 13048 | ||
